000 01663nas a2200349 c 4500
001 291953
003 BLK
005 20241220100205.0
008 180413b bul raner|||| |0| c1bulo|
010 _aPRD00003478000
022 _aC602-9825
040 _aBLK
041 _aBUL
_cBUL
080 _aСоциални въпроси в цялост. Критика на социалната организация. Социални реформо(общо). Практически социални проблеми. Социална политика (общи въпроси). Вж и 141.82;308;331;351.83
_b304
_x(497.2)
_z304(497.2)
110 1 _aИзд. Дружествена Фирма Русе-С ООФ
_eРед. кол.: Христо Колев ; Иван Йорданов
_9358363
245 1 0 _aДУНАВСКА ПРАВДА
_bРегионален вестник за политика, култура, бизнес и реклама
_cИзд. Дружествена Фирма Русе-С ООФ ; Ред. кол.: Христо Колев ; Иван Йорданов
_fНачална год. на издаване: Год. 1, № 1(1991),
257 _aBGR
260 _bДружествена Фирма Русе-С ООФ
_c1991
_fДФ Дунав-прес
300 _c40
310 _eсрок за съхранение: 99
380 _a3
852 _aВ 553
856 _qpdf
_u
856 _qpdf
_u
942 _cNSP
_n0
_s1
_010
944 _aCR
_cВася_Ганчева
_k30535
_lХристина Везирева
944 _aED
_k06.06.2014
999 _c291953
_d291953
999 _d291953
999 _d291953
999 _d291953
999 _d291953